000 00302nam a2200121Ia 4500
005 20251222144625.0
008 251222s9999||||xx |||||||||||||| ||spa||
082 _a330.985/R73
100 _aRoel Pineda, Virgilio
245 0 _aLa Planificación Económica en el Perú
264 _bLabor
942 _cLIB
999 _c16089
_d16089